000 00500nam a2200181Ia 4500
001 8885
005 20260306160642.0
008 260306t2007||||xx |||||||||||||| ||spa||
041 _aESP
082 _a371.9
_bC28
100 _aCardona Echaury, Angélica Leticia
_eAUT
245 0 _aEstrategias de atención para las diferentes discapacidades:
_bmanual para padres y maestros
260 _c2007
300 _a135 páginas :
_c27 cm.
650 _aGEN
654 _aCED
942 _cLIB
_dJUS
_fJUS
_2ddc
_n
999 _c8885
_d8885